Biology / (Record no. 3991)

MARC details
000 -LEADER
fixed length control field 01543cam a22003854a 4500
001 - CONTROL NUMBER
control field 14580594
003 - CONTROL NUMBER IDENTIFIER
control field OSt
005 - DATE AND TIME OF LATEST TRANSACTION
control field 20160511152745.0
008 - FIXED-LENGTH DATA ELEMENTS--GENERAL INFORMATION
fixed length control field 061003s2008 mauab 001 0 eng
010 ## - LIBRARY OF CONGRESS CONTROL NUMBER
LC control number 2006032857
020 ## - INTERNATIONAL STANDARD BOOK NUMBER
International Standard Book Number 9780072965810
020 ## - INTERNATIONAL STANDARD BOOK NUMBER
International Standard Book Number 0072965819 (alk. paper)
035 ## - SYSTEM CONTROL NUMBER
System control number (OCoLC)ocm71842800
035 ## - SYSTEM CONTROL NUMBER
System control number (OCoLC)71842800
040 ## - CATALOGING SOURCE
Original cataloging agency DLC
Transcribing agency DLC
Modifying agency YDX
-- BTCTA
-- DLC
050 00 - LIBRARY OF CONGRESS CALL NUMBER
Classification number QH308.2
Item number .R38 2008
082 00 - DEWEY DECIMAL CLASSIFICATION NUMBER
Classification number 570
Edition number 22
Item number LAS 2008
100 1# - MAIN ENTRY--PERSONAL NAME
Personal name Losos, Jonathan B.
9 (RLIN) 8722
245 10 - TITLE STATEMENT
Title Biology /
Statement of responsibility, etc. Jonathan B. Losos, Kenneth A. Mason, Susan R. Singer ; based on the work of Peter H. Raven, George B. Johnson.
250 ## - EDITION STATEMENT
Edition statement 8th ed.
260 ## - PUBLICATION, DISTRIBUTION, ETC. (IMPRINT)
Place of publication, distribution, etc. Boston :
Name of publisher, distributor, etc. McGraw-Hill Higher Education,
Date of publication, distribution, etc. 2008.
300 ## - PHYSICAL DESCRIPTION
Extent xxx, 1259, [82] p. :
Other physical details col.ill, col. maps ;
Dimensions 28 cm.
500 ## - GENERAL NOTE
General note Includes index.
650 #0 - SUBJECT ADDED ENTRY--TOPICAL TERM
Topical term or geographic name as entry element Biology
Form subdivision Textbooks.
9 (RLIN) 8431
700 1# - ADDED ENTRY--PERSONAL NAME
Personal name Mason, Kenneth A.
9 (RLIN) 8723
700 1# - ADDED ENTRY--PERSONAL NAME
Personal name Singer, Susan R.
9 (RLIN) 8724
700 1# - ADDED ENTRY--PERSONAL NAME
Personal name Raven, Peter H.
9 (RLIN) 8466
700 1# - ADDED ENTRY--PERSONAL NAME
Personal name Johnson, George B.
Fuller form of name (George Brooks),
Dates associated with a name 1942-
9 (RLIN) 8725
856 41 - ELECTRONIC LOCATION AND ACCESS
Materials specified Table of contents only
Uniform Resource Identifier http://www.loc.gov/catdir/toc/ecip072/2006032857.html
856 42 - ELECTRONIC LOCATION AND ACCESS
Materials specified Contributor biographical information
Uniform Resource Identifier http://www.loc.gov/catdir/enhancements/fy0737/2006032857-b.html
856 42 - ELECTRONIC LOCATION AND ACCESS
Materials specified Publisher description
Uniform Resource Identifier http://www.loc.gov/catdir/enhancements/fy0737/2006032857-d.html
906 ## - LOCAL DATA ELEMENT F, LDF (RLIN)
a 7
b cbc
c orignew
d 1
e ecip
f 20
g y-gencatlg
942 ## - ADDED ENTRY ELEMENTS (KOHA)
Source of classification or shelving scheme Dewey Decimal Classification
Koha item type Short Loan
Holdings
Withdrawn status Lost status Source of classification or shelving scheme Damaged status Not for loan Home library Current library Date acquired Inventory number Total Checkouts Full call number Barcode Date last seen Price effective from Koha item type
    Dewey Decimal Classification     MUST Main Library MUST Main Library 11/05/2016 2009/31886   570 LAS 2008 2016-1782 11/05/2016 11/05/2016 Short Loan